Quadre de preus de 3.016 elements simples i 31 compostos d' edificació i urbanització, 2.162 partides d' obra d' edificació, 1.395 partides d' obra d' urbanització : any 1989 / Institut de Tecnologia de la Construcció de Catalunya any 1989 / Institut de Tecnologia de la Construcció de Catalunya
ISBN:
84-7853-951-4
Descripción Física:
276, 11-481, 11-286 ; 30 cm
Materias:
Construcció -- Pressupostos
MARC
| LEADER | 00000nam a2200000Ia 4500 | ||
|---|---|---|---|
| 001 | 11001 | ||
| 003 | BGR | ||
| 005 | 20260324175657.0 | ||
| 008 | 160829s1989 xx 000 0 cat d | ||
| 020 | |a 84-7853-951-4 | ||
| 080 | |a C-1-128 | ||
| 110 | |a Institut de Tecnologia de la Construcció de Catalunya |b Departament de Terminologia |9 66821 | ||
| 245 | |a Quadre de preus de 3.016 elements simples i 31 compostos d' edificació i urbanització, 2.162 partides d' obra d' edificació, 1.395 partides d' obra d' urbanització : |b any 1989 / Institut de Tecnologia de la Construcció de Catalunya | ||
| 260 | |a Barcelona : |b BEDEC alfa : |b Diputació de Barcelona, |c 1989 | ||
| 300 | |a 276, 11-481, 11-286 ; |c 30 cm | ||
| 590 | |a BEDEC: Banc Estructural de Dades alfanumériques sobre Elements Constructius | ||
| 650 | |a Construcció |x Pressupostos |9 20228 | ||
| 710 | 1 | |a Barcelona (Catalunya : Província). |b Diputació |9 52408 | |
| 901 | |a Arxiu | ||
| 942 | |n 1 |2 udc |c MON | ||
| 952 | |0 0 |1 0 |4 0 |6 C1128 |7 1 |9 47920 |a Arxiu |b Arxiu |d 2016-12-01 |l 0 |o C-1-128 |p 11001 |r 2016-12-01 00:00:00 |w 2016-12-01 |y ARXIU | ||
| 999 | |c 51720 |d 51720 | ||